Oceans - Statistics

General Stats
  • This quiz has been taken 221 times
  • The average score is 3 of 7
Answer Stats
Hint Answer % Correct
. Pacific
97%
. Indian
95%
. Atlantic
93%
. Mediterranean
16%
. Red Sea
10%
. Caspian Sea
6%
. Caribbean
5%
No matching quizzes found
Score Distribution
Percent of People with Each Score
Percentile by Number Answered
Your Score History
You have not taken this quiz